51st Euroconstruct conference : Copenhagen : The outlook for the European Construction sector 2001-2003 Summary report.... (Record no. 101602)

MARC details
000 -LEADER
fixed length control field 00920cam a2200253 4500
001 - CONTROL NUMBER
control field J64723
008 - FIXED-LENGTH DATA ELEMENTS--GENERAL INFORMATION
fixed length control field 000000n2001 000 0 eng u
035 ## - SYSTEM CONTROL NUMBER
System control number (Sirsi) u114289
050 ## - LIBRARY OF CONGRESS CALL NUMBER
Classification number 338.4369094
110 ## - MAIN ENTRY--CORPORATE NAME
Corporate name or jurisdiction name as entry element Euroconstruct
9 (RLIN) 2964
245 ## - TITLE STATEMENT
Title 51st Euroconstruct conference : Copenhagen : The outlook for the European Construction sector 2001-2003 Summary report....
260 ## - PUBLICATION, DISTRIBUTION, ETC.
Place of publication, distribution, etc. Copenhagen
Name of publisher, distributor, etc. The Copenhagen Institute for future studies
Date of publication, distribution, etc. 2001
300 ## - PHYSICAL DESCRIPTION
Extent 187p. ; 30cm.
350 ## - PRICE (NR) (BK AM CF MU VM SE) [OBSOLETE]
Price 775.00
520 ## - SUMMARY, ETC.
Summary, etc. Future lifestyles & future cities values & branding a construction perspective regional development and infrastructure : the case of the sound region. The 18th and 19th June 2001.
650 ## - SUBJECT ADDED ENTRY--TOPICAL TERM
Topical term or geographic name entry element EUROPE
650 ## - SUBJECT ADDED ENTRY--TOPICAL TERM
Topical term or geographic name entry element STATISTICS
650 ## - SUBJECT ADDED ENTRY--TOPICAL TERM
Topical term or geographic name entry element ECONOMIC ISSUES
650 ## - SUBJECT ADDED ENTRY--TOPICAL TERM
Topical term or geographic name entry element HOUSING
650 ## - SUBJECT ADDED ENTRY--TOPICAL TERM
Topical term or geographic name entry element EUROCONSTRUCT
690 ## - LOCAL SUBJECT ADDED ENTRY--TOPICAL TERM (OCLC, RLIN)
Topical term or geographic name as entry element BUILT ENVIRONMENT
856 ## - ELECTRONIC LOCATION AND ACCESS
Uniform Resource Identifier <a href="www.euroconstruct.com">www.euroconstruct.com</a>
942 ## - ADDED ENTRY ELEMENTS (KOHA)
Suppress in OPAC 0
Holdings
Withdrawn status Lost status Source of classification or shelving scheme Damaged status Not for loan Home library Current library Shelving location Date acquired Total Checkouts Full call number Barcode Date last seen Copy number Price effective from Koha item type
    Dewey Decimal Classification     London London Folio 22/08/2001   F338.4369094 EUR 30064723 06/08/2019 1 06/08/2019 Reference material